Mecánica de fluidos

Saved in:
Bibliographic Details
Main Authors: Potter, Merle C (Author), Wiggert, David C (Author), Hondzo, Miki (Author), Shih, Tom I. P (Author)
Format: Book
Language:Spanish
Published: Ciudad de México, México International Thomson 2002
Series:Ciencias e Ingenierías
Subjects:
Online Access:Disponible Online
Tags: Add Tag
No Tags, Be the first to tag this record!

MARC

LEADER 00000nam a2200000 a 4500
001 UCK4043
003 CL-VaPUC
005 20240829145346.0
008 050520e20020000MX |||||||||||||||||spa|d
999 |c 313021  |d 313019 
020 |a 9706862056 
040 |c Pontificia Universidad Católica de Valparaíso 
082 0 4 |a 532 POT 2002  |2 21 
100 0 |a Potter, Merle C  |e author  |9 492410 
245 1 0 |a Mecánica de fluidos 
260 |a Ciudad de México, México   |b International Thomson  |c 2002 
300 |a 769 páginas  
440 |a Ciencias e Ingenierías  |9 860910 
583 |a last modification  |c 20050520 00:00:00  |k Rodrigo Vera 
650 0 |a Estática de fluidos   |2 CL-VaPUC  |9 375305 
650 0 |a Hidráulica   |9 260193 
650 0 |a Mecánica de fluidos   |9 259464 
650 0 |a Propiedades de los fluidos   |2 CL-VaPUC  |9 426534 
650 0 |a Termoquímica  |9 337401 
700 0 |a Wiggert, David C  |e author  |9 492411 
700 0 |a Hondzo, Miki  |e author  |9 492412 
700 0 |a Shih, Tom I. P  |e author  |9 492413 
856 |u http://bibliografiadigital.pucv.cl.pucv.idm.oclc.org/index.php/bibliotecapucv/catalog/book/433  |y Disponible Online  
942 |c BK  |2 ddc 
945 |d 20050520 00:00:00  |a cmena 
952 |0 0  |1 0  |2 ddc  |4 0  |6 532_000000000000000_POT_2002  |7 0  |8 A  |9 384059  |a BIBMEC  |b BIBMEC  |d 2019-11-22  |i 4129040  |o 532 POT 2002  |p 4129040  |r 2024-01-19  |w 2019-11-22  |y BK_P  |k MEC 
952 |0 0  |1 0  |2 ddc  |4 0  |6 532_000000000000000_POT_2002  |7 0  |8 A  |9 384060  |a BIBMEC  |b BIBMEC  |d 2019-11-22  |i 4129059  |l 2  |o 532 POT 2002  |p 4129059  |r 2024-01-19  |s 2023-04-05  |w 2019-11-22  |y BK_P  |k MEC 
952 |0 0  |1 0  |4 0  |6 532_000000000000000_POT_2002  |7 0  |8 A  |9 384061  |a BIBING  |b BIBING  |d 2019-11-22  |i 4209087  |o 532 POT 2002  |p 4209087  |r 2025-01-20  |w 2019-11-22  |y BK  |k CIC